Statistics for The Marvel Cinematic Universe: Phase 4

Click here to take the quiz!

General Stats

  • This quiz has been taken 62 times
  • The average score is 13 of 16

Answer Stats

YearMovie/TV Show/Special% Correct
2021WandaVision
96%
2021Loki
94%
2021The Falcon and The Winter Soldier
94%
2021Spider-Man: No Way Home
91%
2022Doctor Strange in the Multiverse of Madness
89%
2022Ms. Marvel
89%
2021Shang-Chi and The Legend of The Ten Rings
89%
2021Black Widow
87%
2022She-Hulk: Attorney at Law
87%
2022Black Panther: Wakanda Forever
85%
2021Eternals
85%
2022Thor: Love and Thunder
85%
2021Hawkeye
83%
2022Moon Knight
83%
2022The Guardians of the Galaxy Holiday Special
62%
2022Halloween Special
49%

Score Distribution

Percentile by Number Answered

Percent of People with Each Score

Your Score History

You have not taken this quiz